000 00459nam a22001451i 4500
001 1857
090 _a1857
100 _a20170304u u u0frey50 ba
200 1 _fGilberto Freyre
_aOrdem e progresso
_eintrodução à história da sociedade patriarcal no Brasil
210 _cLivros do Brasil
_aLisboa
215 _a2 vol. (485, [3], 403, [5] p.)
_d22 cm
225 2 _aLivros do Brasil
_v75, 75-A
700 1 _aFreyre
_bGilberto
_f1900 -1987
801 _aPT
_gRPC
990 _cLIVROS